[Event "Penang op 11th"]
[Site "Penang"]
[Date "2019.12.12"]
[Round "6"]
[White "Camhi, David"]
[Black "Lim, Cheng Lun"]
[Result "1/2-1/2"]
[WhiteElo "1519"]
[BlackElo "1255"]
[PlyCount "36"]
[EventDate "2019.12.09"]
[EventType "swiss"]
[EventRounds "9"]
[EventCountry "MAS"]
[SourceTitle "CBM 193 Extra"]
[Source "ChessBase"]
[SourceDate "2020.01.31"]
[SourceVersion "1"]
[SourceVersionDate "2020.01.31"]
[SourceQuality "1"]

1. e4 e5 2. Nf3 Nc6 3. Bc4 Bc5 4. b4 Bxb4 5. c3 Ba5 6. d4 exd4 7. 0-0 Nf6 8. e5 d5 9. exf6 dxc4 10. fxg7 Rg8 11. Re1+ Be6 12. Ng5 Qd5 13. Rxe6+ fxe6 14. Qh5+ Kd7 15. Qf7+ Kd6 16. Nd2 Ne5 17. Nde4+ Kc6 18. Qe7 Rae8 1/2-1/2